000
00300nam a2200109Ia 4500
008
220216s9999 xx 000 0 und d
100
_a
Gan Lian Tiong
245
0
_a
Performance of selected rubber cultivars in Sime Darby Estates
650
_a
Rubber cultivars
700
_a
Chew Oe Kheng
942
_c
JS
999
_c
64782
_d
64782